Royal Association of British Dairy Farmers (Record no. 119705)
[ view plain ]
| 000 -LEADER | |
|---|---|
| fixed length control field | 00822cam a2200181 4500 |
| 001 - CONTROL NUMBER | |
| control field | WS109094 |
| 008 - FIXED-LENGTH DATA ELEMENTS--GENERAL INFORMATION | |
| fixed length control field | 000000n 000 0 eng u |
| 035 ## - SYSTEM CONTROL NUMBER | |
| System control number | (Sirsi) u109094 |
| 110 ## - MAIN ENTRY--CORPORATE NAME | |
| Corporate name or jurisdiction name as entry element | Royal Association of British Dairy Farmers |
| 9 (RLIN) | 3957 |
| 245 ## - TITLE STATEMENT | |
| Title | Royal Association of British Dairy Farmers |
| 520 ## - SUMMARY, ETC. | |
| Summary, etc. | Web site for this organisation which describes itself as 'the only independent organisation addressing the many issues facing the UK dairy industry'. Includes news, details of events, articles and links pages. Also has a directory of dairy related companies and services. |
| 650 ## - SUBJECT ADDED ENTRY--TOPICAL TERM | |
| Topical term or geographic name entry element | DAIRY FARMERS |
| 650 ## - SUBJECT ADDED ENTRY--TOPICAL TERM | |
| Topical term or geographic name entry element | MILK PRODUCTION |
| 650 ## - SUBJECT ADDED ENTRY--TOPICAL TERM | |
| Topical term or geographic name entry element | ORGANISATION |
| 690 ## - LOCAL SUBJECT ADDED ENTRY--TOPICAL TERM (OCLC, RLIN) | |
| Topical term or geographic name as entry element | RURAL-AGRICULTURE AND FORESTRY |
| 856 40 - ELECTRONIC LOCATION AND ACCESS | |
| Uniform Resource Identifier | <a href="https://www.rabdf.co.uk">https://www.rabdf.co.uk</a> |
| Public note | View the website free of charge at www.rabdf.co.uk... |
| 942 ## - ADDED ENTRY ELEMENTS (KOHA) | |
| Suppress in OPAC | 0 |
| Withdrawn status | Lost status | Source of classification or shelving scheme | Damaged status | Not for loan | Home library | Current library | Shelving location | Date acquired | Total Checkouts | Full call number | Barcode | Date last seen | Copy number | Price effective from | Koha item type |
|---|---|---|---|---|---|---|---|---|---|---|---|---|---|---|---|
| Dewey Decimal Classification | Virtual | Virtual | Online | 02/11/2000 | WEB SITE | 109094-2001 | 06/08/2019 | 1 | 06/08/2019 | Online material |